书目信息 |
| 题名: |
数据驱动的剩余寿命预测与维护决策技术
|
|
| 作者: | 陆宁云 , 陈闯 , 姜斌 著 | |
| 分册: | ||
| 出版信息: | 北京 化学工业出版社 2025.02 |
|
| 页数: | 170页, [8] 页图版 | |
| 开本: | 26cm | |
| 丛书名: | ||
| 单 册: | ||
| 中图分类: | TN919.5 | |
| 科图分类: | ||
| 主题词: | 数据处理系统--shu ju chu li xi tong--数据通信设备--寿命--预测 , 数据处理系统--shu ju chu li xi tong--数据通信设备--维修 | |
| 电子资源: | ||
| ISBN: | 978-7-122-46686-0 | |
| 000 | 01466nam0 2200301 450 | |
| 001 | 92762 | |
| 005 | 20250818135303.65 | |
| 010 | @a978-7-122-46686-0@dCNY79.00 | |
| 100 | @a20250206d2025 em y0chiy50 ea | |
| 101 | 0 | @achi |
| 102 | @aCN@b110000 | |
| 105 | @aafk a 000yy | |
| 106 | @ar | |
| 200 | 1 | @a数据驱动的剩余寿命预测与维护决策技术@Ashu ju qu dong de sheng yu shou ming yu ce yu wei hu jue ce ji shu@d= Data-driven remaining useful life prediction and maintenance decision-making technology@f陆宁云, 陈闯, 姜斌等著@zeng |
| 210 | @a北京@c化学工业出版社@d2025.02 | |
| 215 | @a170页, [8] 页图版@c图@d26cm | |
| 314 | @a陆宁云, 教授, 南京航空航天大学自动化学院副院长, 长期致力于复杂系统智能诊断与预测运维的理论与应用研究。 | |
| 320 | @a有书目 (第162-170页) | |
| 330 | @a本书共10章: 第1章介绍剩余寿命预测与维护决策的国内外研究现状和发展趋势 ; 第2-4章分别介绍了三类典型的剩余寿命预测技术 ; 第5-10章分别介绍了考虑安全风险规避、预测不确定性、维修不确定性以及维修资源约束下的维护决策技术。 | |
| 510 | 1 | @aData-driven remaining useful life prediction and maintenance decision-making technology@zeng |
| 606 | 0 | @a数据处理系统@Ashu ju chu li xi tong@x数据通信设备@x寿命@x预测 |
| 606 | 0 | @a数据处理系统@Ashu ju chu li xi tong@x数据通信设备@x维修 |
| 690 | @aTN919.5@v5 | |
| 701 | 0 | @a陆宁云@Alu ning yun@4著 |
| 701 | 0 | @a陈闯@Achen chuang@4著 |
| 701 | 0 | @a姜斌@Ajiang bin@4著 |
| 801 | 0 | @aCN@c20250909 |
| 905 | @a河南城建学院图书馆@dTN919.5@eL840@f1 | |
| 数据驱动的剩余寿命预测与维护决策技术= Data-driven remaining useful life prediction and maintenance decision-making technology/陆宁云, 陈闯, 姜斌等著.-北京:化学工业出版社,2025.02 |
| 170页, [8] 页图版:图;26cm |
| ISBN 978-7-122-46686-0:CNY79.00 |
| 本书共10章: 第1章介绍剩余寿命预测与维护决策的国内外研究现状和发展趋势 ; 第2-4章分别介绍了三类典型的剩余寿命预测技术 ; 第5-10章分别介绍了考虑安全风险规避、预测不确定性、维修不确定性以及维修资源约束下的维护决策技术。 |
| ● |
| 相关链接 |
|
|
|
正题名:数据驱动的剩余寿命预测与维护决策技术
索取号:TN919.5/L840
 
预约/预借
| 序号 | 登录号 | 条形码 | 馆藏地/架位号 | 状态 | 备注 |
| 1 | 1626726 | 216267260 | 自科库301/301自科库 999排2列2层/ [索取号:TN919.5/L840] | 在馆 |